| 000 | 00370nam a22001577a 4500 | ||
|---|---|---|---|
| 082 |
_aM 294.592 4 _bVED/S |
||
| 100 | _aVedavyasa | ||
| 245 |
_aSreemad Bhagavad Geeta/ _cby Vedavyasa |
||
| 260 |
_aKollam: _bPavaneswar, _c2011. |
||
| 300 | _a150p. | ||
| 650 | _aBhagavad Gita | ||
| 650 | _aVedic Literature | ||
| 650 | _aHinduism | ||
| 650 | _aReligion | ||
| 942 | _cBK | ||
| 999 |
_c178954 _d178954 |
||